[Event "Hastings Masters 2019/20"]
[Site "Hastings"]
[Date "2020.01.05"]
[Round "9.43"]
[White "Byrn, Carsten"]
[Black "Thatte, Nishchal"]
[Result "1/2-1/2"]
[WhiteElo "1919"]
[BlackElo "1723"]
[PlyCount "188"]
[EventDate "2019.12.28"]
[EventType "swiss"]
[EventRounds "9"]
[EventCountry "ENG"]

1. c4 e5 2. g3 Nf6 3. Bg2 d5 4. cxd5 Nxd5 5. Nc3 Nb6 6. Nf3 Nc6 7. O-O Be7 8.
a3 a5 9. d3 O-O 10. Be3 Be6 11. Na4 Nd5 12. Bc5 Bd6 13. Rc1 f5 14. Qd2 f4 15.
e4 Nb6 16. Bxd6 cxd6 17. Nxb6 Qxb6 18. gxf4 Rxf4 19. d4 Bg4 20. dxe5 Rxf3 21.
Bxf3 Bxf3 22. Qd5+ Kh8 23. exd6 Nd4 24. Rfe1 Ne2+ 25. Rxe2 Bxe2 26. Qf5 Qd8 27.
d7 g6 28. Qe5+ Kg8 29. Qe6+ Kg7 30. f4 Ra6 31. Qe5+ Kf7 32. Qd5+ Ke7 33. Qxb7
Qb6+ 34. Qxb6 Rxb6 35. Rc2 Bb5 36. f5 Kxd7 37. fxg6 hxg6 38. Kf2 Ke6 39. Ke3
Rc6 40. Rg2 Kf6 41. h4 Rc5 42. Kd4 Rh5 43. Rf2+ Ke6 44. Rf4 Rh8 45. Rg4 Rd8+
46. Kc5 Be8 47. b4 Rc8+ 48. Kb6 a4 49. Rg5 Rc3 50. b5 Rxa3 51. Ka7 Rb3 52. b6
a3 53. b7 Kf6 54. b8=Q Rxb8 55. Kxb8 a2 56. Ra5 Bf7 57. Kc7 Ke7 58. e5 Bg8 59.
Kc6 Ke6 60. Rxa2 Kxe5 61. Rf2 Ke6 62. Rf8 Bf7 63. Kc5 Ke7 64. Rb8 Kf6 65. Kd6
g5 66. hxg5+ Kxg5 67. Ke5 Kg6 68. Rb6+ Kh7 69. Kf6 Bg8 70. Rb2 Kh8 71. Rg2 Bh7
72. Rh2 Kg8 73. Rg2+ Kh8 74. Rg7 Bb1 75. Ra7 Bh7 76. Kf7 Bc2 77. Kf6 Bh7 78.
Kg5 Kg8 79. Kh6 Bd3 80. Ra8+ Kf7 81. Ra7+ Ke6 82. Kg5 Bb1 83. Ra6+ Ke5 84. Ra1
Bh7 85. Re1+ Kd5 86. Kf4 Bc2 87. Rc1 Bb3 88. Kf5 Ba4 89. Rc3 Bb5 90. Re3 Kd4
91. Ra3 Bc6 92. Ra6 Bb5 93. Rd6+ Ke3 94. Rd8 Ba4 1/2-1/2

[Event "Hastings Masters 2019/20"]
[Site "Hastings"]
[Date "2020.01.05"]
[Round "9.44"]
[White "Butt, Laurence"]
[Black "Fryer, David W"]
[Result "0-1"]
[WhiteElo "1694"]
[BlackElo "1913"]
[PlyCount "138"]
[EventDate "2019.12.28"]
[EventType "swiss"]
[EventRounds "9"]
[EventCountry "ENG"]

1. d4 d6 2. e3 Nd7 3. f4 e5 4. Nf3 exf4 5. exf4 Ngf6 6. Be2 Be7 7. O-O O-O 8.
c4 Re8 9. Nc3 c6 10. Qc2 Nf8 11. Bd3 a6 12. a4 Bd7 13. Bd2 Rc8 14. a5 c5 15. d5
Rb8 16. Na4 h6 17. Nb6 Bg4 18. f5 N6d7 19. Nxd7 Nxd7 20. h3 Bxf3 21. gxf3 Bf6
22. Kh2 Be5+ 23. f4 Bd4 24. Rae1 Qh4 25. Re4 Rxe4 26. Bxe4 Re8 27. Be1 Qe7 28.
Bf3 Nf6 29. Bd2 Be3 30. Bc3 Bxf4+ 31. Kh1 Be5 32. Re1 Nd7 33. Qg2 Qf6 34. Bd1
Kf8 35. Qe2 Re7 36. Qc2 Bxc3 37. Rxe7 Qxe7 38. bxc3 Nf6 39. Bf3 Nd7 40. Kg2 Ne5
41. Be2 Qg5+ 42. Kh1 Qg3 43. Qb2 Qxh3+ 44. Kg1 Qg3+ 45. Kf1 Qf4+ 46. Ke1 Qh4+
47. Kd1 Qe7 48. Qb1 Qc7 49. Kd2 Nd7 50. Bh5 b6 51. f6 Nxf6 52. axb6 Qb7 53. Bd1
Nd7 54. Ba4 Nxb6 55. Kd1 Qc7 56. Bc6 Kg8 57. Qa2 Qc8 58. Ke1 Qg4 59. Qxa6 Nxc4
60. Bb5 Qg1+ 61. Ke2 Qe3+ 62. Kf1 Nd2+ 63. Kg2 Qf3+ 64. Kh2 Qf4+ 65. Kh3 g6 66.
Qc8+ Kg7 67. Qe8 Ne4 68. Kg2 Qf2+ 69. Kh1 Ng3# 0-1

[Event "Hastings Masters 2019/20"]
[Site "Hastings"]
[Date "2020.01.05"]
[Round "9.45"]
[White "Zheng, Harry Z"]
[Black "Jukes, Sam"]
[Result "0-1"]
[WhiteElo "1705"]
[BlackElo "1906"]
[PlyCount "104"]
[EventDate "2019.12.28"]
[EventType "swiss"]
[EventRounds "9"]
[EventCountry "ENG"]

1. e4 e5 2. Nf3 Nc6 3. Bc4 Nf6 4. d3 Be7 5. O-O O-O 6. Bb3 d6 7. c3 Kh8 8. Nbd2
Ng8 9. d4 f5 10. dxe5 Nxe5 11. Nxe5 dxe5 12. Nc4 Qe8 13. Qd5 Bf6 14. exf5 Bxf5
15. Ne3 c6 16. Qd1 Rd8 17. Bd2 Bd3 18. Re1 Nh6 19. Bc2 Bh4 20. g3 Qf7 21. Bxd3
Qxf2+ 22. Kh1 Bxg3 23. hxg3 Qxg3 24. Rf1 Rf4 25. Ng2 Ng4 26. Bxf4 exf4 27. Qxg4
Qxg4 28. Be4 g5 29. Rf2 Rd1+ 30. Rxd1 Qxd1+ 31. Kh2 h5 32. a3 Kg7 33. Bc2 Qd5
34. Kg1 a5 35. Ne1 Kh6 36. Ng2 Qe5 37. Bd1 b5 38. Bf3 c5 39. Bd1 Qd5 40. Bc2 h4
41. Ne1 h3 42. Bd3 c4 43. Bf1 Qd1 44. Nc2 Qg4+ 45. Kh1 Qg3 46. Rh2 g4 47. Nd4
Kg6 48. Nxb5 f3 49. Nd4 f2 50. Ne2 Qf3+ 51. Rg2 hxg2+ 52. Kh2 Qh3# 0-1

[Event "Hastings Masters 2019/20"]
[Site "Hastings"]
[Date "2020.01.05"]
[Round "9.46"]
[White "Sandhu, Manvith"]
[Black "Jennings, Richard"]
[Result "1/2-1/2"]
[WhiteElo "1673"]
[BlackElo "1903"]
[PlyCount "65"]
[EventDate "2019.12.28"]
[EventType "swiss"]
[EventRounds "9"]
[EventCountry "ENG"]

1. e4 e6 2. d4 b6 3. Nc3 Bb7 4. Bd3 Bb4 5. Nf3 Ne7 6. O-O Bxc3 7. bxc3 O-O 8.
Be3 d6 9. Re1 Nd7 10. Rb1 e5 11. Qe2 Ng6 12. d5 Nc5 13. Bxc5 dxc5 14. Ba6 Bc8
15. Bxc8 Qxc8 16. h3 Rd8 17. c4 Rd6 18. Qe3 Qd7 19. Qc3 Re8 20. Kh2 Qe7 21. Re3
Nf4 22. Ng1 Rh6 23. Ne2 Qh4 24. Nxf4 exf4 25. Re2 Rh5 26. e5 Qg4 27. Rbe1 Qf5
28. Qf3 Rh6 29. Qe4 Qg5 30. Qf3 Rg6 31. Re4 h6 32. Kh1 a6 33. a4 1/2-1/2

[Event "Hastings Masters 2019/20"]
[Site "Hastings"]
[Date "2020.01.05"]
[Round "9.47"]
[White "Faulks, Nick"]
[Black "Liu, Tianyi"]
[Result "1-0"]
[WhiteElo "1900"]
[BlackElo "1307"]
[PlyCount "53"]
[EventDate "2019.12.28"]
[EventType "swiss"]
[EventRounds "9"]
[EventCountry "ENG"]

1. e4 c5 2. Nf3 e6 3. d4 cxd4 4. Nxd4 Nf6 5. Nc3 Nc6 6. Ndb5 d6 7. Bf4 e5 8.
Bg5 a6 9. Na3 b5 10. Bxf6 gxf6 11. Nd5 f5 12. Bxb5 axb5 13. Nxb5 Qa5+ 14. c3
Rb8 15. b4 Qxb5 16. Nc7+ Ke7 17. Nxb5 Rxb5 18. a4 Rb8 19. exf5 Bxf5 20. Qd5 Bd7
21. b5 Na5 22. b6 Nb7 23. a5 Nc5 24. a6 Rxb6 25. a7 Bc6 26. Qxc6 Rxc6 27. a8=Q
1-0

[Event "Hastings Masters 2019/20"]
[Site "Hastings"]
[Date "2020.01.05"]
[Round "9.48"]
[White "Zheng, Jerry Z"]
[Black "Garnett, John S"]
[Result "1/2-1/2"]
[WhiteElo "1565"]
[BlackElo "1865"]
[PlyCount "126"]
[EventDate "2019.12.28"]
[EventType "swiss"]
[EventRounds "9"]
[EventCountry "ENG"]

1. e4 d5 2. exd5 Nf6 3. Nf3 Bg4 4. Bb5+ Nbd7 5. h3 Bh5 6. Nc3 a6 7. Be2 Nb6 8.
O-O Nfxd5 9. Nxd5 Qxd5 10. d4 e6 11. b3 Be7 12. c4 Qd8 13. Bb2 O-O 14. Qd2 Bf6
15. Rad1 Qe7 16. Qa5 Bg6 17. Ba3 Qd8 18. Bxf8 Qxf8 19. Ne5 Be7 20. Qd2 Rd8 21.
Bf3 c6 22. Qe3 Nd7 23. Nxg6 hxg6 24. d5 Bc5 25. Qe2 exd5 26. cxd5 Re8 27. Qc2
Ne5 28. Be2 Qe7 29. dxc6 Nxc6 30. Bc4 b5 31. Bd5 Nd4 32. Qxg6 Rd8 33. Qe4 Qg5
34. Rxd4 Bxd4 35. Qxd4 Qxd5 36. Qxd5 Rxd5 37. f3 f5 38. Rf2 Kf7 39. Re2 Kf6 40.
Kf2 a5 41. Kg3 a4 42. bxa4 bxa4 43. Rb2 Rd4 44. Kf2 f4 45. g3 fxg3+ 46. Kxg3 g5
47. Kf2 Rh4 48. Kg3 Rc4 49. Re2 Kf5 50. Re4 Rxe4 51. fxe4+ Kxe4 52. Kg4 Kd3 53.
Kxg5 a3 54. h4 Kc2 55. h5 Kb2 56. h6 Kxa2 57. h7 Kb1 58. h8=Q a2 59. Qh1+ Kb2
60. Qg2+ Kb1 61. Qf1+ Kb2 62. Qe2+ Kb1 63. Qd1+ Kb2 1/2-1/2

[Event "Hastings Masters 2019/20"]
[Site "Hastings"]
[Date "2020.01.05"]
[Round "9.49"]
[White "Flynn, David"]
[Black "Bryant, Marc A"]
[Result "0-1"]
[WhiteElo "1853"]
[BlackElo "1823"]
[PlyCount "56"]
[EventDate "2019.12.28"]
[EventType "swiss"]
[EventRounds "9"]
[EventCountry "ENG"]

1. e4 e5 2. Nf3 Nc6 3. Bb5 f5 4. d3 fxe4 5. dxe4 Nf6 6. O-O Nxe4 7. Bxc6 bxc6
8. Nxe5 Qf6 9. Ng4 Qg6 10. Qe2 Bc5 11. Nd2 d5 12. Nxe4 dxe4 13. Ne3 Bh3 14. Bd2
Bxe3 15. fxe3 O-O-O 16. Kh1 Bg4 17. Qa6+ Kb8 18. Bc3 Rd6 19. Qa3 Rhd8 20. Bd4
Qh5 21. Qxa7+ Kc8 22. Rf2 Rh6 23. g3 Bf3+ 24. Kg1 Rg6 25. Kf1 Rxg3 26. Be5 Qh3+
27. Ke1 Rg1+ 28. Rf1 Rxf1# 0-1

[Event "Hastings Masters 2019/20"]
[Site "Hastings"]
[Date "2020.01.05"]
[Round "9.50"]
[White "Dewangan, Aayush"]
[Black "Kumar, Soham"]
[Result "0-1"]
[WhiteElo "1548"]
[BlackElo "1512"]
[PlyCount "44"]
[EventDate "2019.12.28"]
[EventType "swiss"]
[EventRounds "9"]
[EventCountry "ENG"]

1. e4 c5 2. Nf3 d6 3. d4 cxd4 4. Nxd4 Nf6 5. Nc3 a6 6. Be3 e5 7. Nb3 Be6 8. h3
Be7 9. f4 exf4 10. Bxf4 Nc6 11. Qe2 O-O 12. O-O-O Bxb3 13. axb3 Qa5 14. Kb1
Rac8 15. g4 Nb4 16. g5 Nh5 17. Bh2 Rxc3 18. Qg2 Qa2+ 19. Kc1 Rxc2+ 20. Qxc2
Bxg5+ 21. Bf4 Bxf4+ 22. Qd2 Qa1# 0-1

[Event "Hastings Masters 2019/20"]
[Site "Hastings"]
[Date "2020.01.05"]
[Round "9.51"]
[White "Damodaran, Patrick"]
[Black "Thatte, Nandinee"]
[Result "1-0"]
[WhiteElo "1388"]
[BlackElo "1270"]
[PlyCount "161"]
[EventDate "2019.12.28"]
[EventType "swiss"]
[EventRounds "9"]
[EventCountry "ENG"]

1. c4 e5 2. g3 c6 3. Bg2 d5 4. cxd5 cxd5 5. Nf3 Nc6 6. d3 Nf6 7. O-O h6 8. b3
Bd6 9. Nbd2 O-O 10. Bb2 b5 11. Rc1 Bb7 12. a3 a5 13. Rc2 Rc8 14. Qa1 Qe7 15.
Rcc1 Rc7 16. Nh4 Qd7 17. Nhf3 Re8 18. e4 d4 19. a4 Nb4 20. Rxc7 Bxc7 21. Ne1
bxa4 22. bxa4 Bc6 23. Nb3 Bb6 24. Nd2 Bxa4 25. Nc4 Bc7 26. Bh3 Qxh3 27. Qxa4
Ra8 28. Nf3 Nxd3 29. Qc2 Nb4 30. Qd2 Qe6 31. Rc1 Nxe4 32. Qe2 f5 33. Ncd2 Nxd2
34. Qxd2 Bd6 35. Re1 Qf6 36. Qe2 Re8 37. Bxd4 Nc6 38. Qc4+ Qf7 39. Qxc6 Re6 40.
Qc4 e4 41. Nd2 Bb4 42. Bc3 Rd6 43. Bxb4 Qxc4 44. Nxc4 Rd4 45. Bxa5 Rxc4 46. Kg2
Kf7 47. Rd1 Kg6 48. Rd6+ Kh5 49. Rd7 g6 50. Rd5 Rc2 51. h3 e3 52. Be1 e2 53.
Rd2 Rxd2 54. Bxd2 g5 55. Kf3 g4+ 56. hxg4+ fxg4+ 57. Kxe2 Kg6 58. Ke3 Kf5 59.
Ke2 h5 60. Ke3 Ke5 61. Bc3+ Kf5 62. Bg7 Kg6 63. Kf4 h4 64. gxh4 g3 65. fxg3
Kxg7 66. Kg5 Kh7 67. g4 Kg7 68. h5 Kh7 69. Kf6 Kh6 70. g5+ Kh7 71. g6+ Kh8 72.
h6 Kg8 73. h7+ Kh8 74. g7+ Kxh7 75. Kf7 Kh6 76. g8=Q Kh5 77. Kf6 Kh4 78. Kf5
Kh3 79. Kf4 Kh2 80. Kf3 Kh1 81. Qg2# 1-0

[Event "Hastings Masters 2019/20"]
[Site "Hastings"]
[Date "2020.01.05"]
[Round "9.52"]
[White "Cresswell, Mike J"]
[Black "Wilson, Matthew R"]
[Result "1/2-1/2"]
[WhiteElo "1662"]
[BlackElo "1837"]
[PlyCount "90"]
[EventDate "2019.12.28"]
[EventType "swiss"]
[EventRounds "9"]
[EventCountry "ENG"]

1. e4 c5 2. Nf3 e6 3. d4 cxd4 4. Nxd4 a6 5. a3 Nf6 6. Nc3 Qc7 7. Be2 Nc6 8. Nf3
Be7 9. O-O O-O 10. h3 h6 11. Nh2 Rd8 12. Bf3 Ne5 13. Bf4 d6 14. Bxe5 dxe5 15.
Qe2 b5 16. Rfd1 Bb7 17. Ng4 Nd7 18. Rd3 Nb6 19. Ne3 Rd4 20. Qd1 Rad8 21. Ne2
R4d7 22. Rxd7 Rxd7 23. Qe1 Na4 24. b3 Nc5 25. Ng3 Bh4 26. Nef1 Qd8 27. b4 Na4
28. Rd1 Rd4 29. c3 Nxc3 30. Qxc3 Rxd1 31. Bxd1 Qxd1 32. Qc7 Bxg3 33. Qxb7 Bh2+
34. Kxh2 Qxf1 35. Qxa6 Qxf2 36. Qxb5 Qf4+ 37. Kh1 Qc1+ 38. Kh2 Qf4+ 39. Kh1
Qc1+ 40. Kh2 Qxa3 41. Qe8+ Kh7 42. b5 Qa4 43. Qb8 Qxe4 44. b6 Qb4 45. b7 Qf4+
1/2-1/2

[Event "Hastings Masters 2019/20"]
[Site "Hastings"]
[Date "2020.01.05"]
[Round "9.53"]
[White "Brouwer, Willem"]
[Black "Stoyanov, Boris"]
[Result "0-1"]
[WhiteElo "1662"]
[BlackElo "1504"]
[PlyCount "72"]
[EventDate "2019.12.28"]
[EventType "swiss"]
[EventRounds "9"]
[EventCountry "ENG"]

1. Nf3 d5 2. c4 d4 3. g3 c5 4. d3 Nc6 5. Bg2 Nf6 6. O-O e5 7. Nbd2 Bd6 8. Ng5
h6 9. Nge4 Nxe4 10. Nxe4 f5 11. Nxd6+ Qxd6 12. f4 O-O 13. e3 Bd7 14. e4 Rae8
15. Rf2 fxe4 16. Bxe4 Qe7 17. f5 Qf6 18. Qg4 Ne7 19. Qh3 Bc6 20. Qg4 Bxe4 21.
Qxe4 g6 22. g4 gxf5 23. gxf5 Nxf5 24. Bd2 Kh8 25. Kh1 Ng3+ 26. hxg3 Qxf2 27.
Bxh6 Qf3+ 28. Qxf3 Rxf3 29. Kg2 Rxd3 30. Bg5 Kg7 31. b3 e4 32. Kf1 Rxg3 33. Bd2
Rf8+ 34. Ke2 Rg2+ 35. Kd1 Rf1+ 36. Be1 Rxe1+ 0-1